000 nam a22 7a 4500
999 _c15952
_d15952
008 161107b xxu||||| |||| 00| 0 eng d
020 _a0030729912
020 _a9780030729911
050 _aQA 152.2 .M84 1994
100 _aMugridge, Larry R.
245 _aElementary algebra/
_cLarry R. Mugridge
250 _a2nd ed.
260 _aFort Worth :
_bSaunders College Pub. ;
_c ©1994.
260 _aOrlando, Fla. :
_bHarcourt Brace College Publishers,
_c ©1994.
300 _axxvi, 496p. :
_bill. ;
500 _aIncludes bibliography and index.
650 _aAlgebra.
942 _2lcc
_cBOOKS
_hQA 152.2 .M84 1994